| 000 | 00574nam a2200205Ia 4500 | ||
|---|---|---|---|
| 003 | OSt | ||
| 005 | 20240613102903.0 | ||
| 008 | 210210b1959 xxu||||| |||| 00| 0 eng d | ||
| 040 | _cAL | ||
| 041 | _aKannada | ||
| 082 | _a491/6 | ||
| 100 |
_aSUBBARAMAPPA _dಸುಬ್ಬರಾಮಪ್ಪ Ed _9170375 |
||
| 245 |
_aTelugu patagalu _bತೆಲುಗು ಪಾಠಗಳು |
||
| 260 |
_aMaisuru _bMaisuru Vishvavidyalaya _c1959 |
||
| 650 |
_aTelugu _9170376 |
||
| 650 |
_apatagalu _9170377 |
||
| 690 |
_aTelugu Language _9170378 |
||
| 906 | _a007039 | ||
| 942 |
_2ddc _cBK |
||
| 999 |
_c141079 _d141079 |
||